Pravovyje osnovy sotrudničestva socialistišeskich stran ro ochrane okružajuščej stredy

Guardado en:
Detalles Bibliográficos
Autor principal: Leontieva, Antonina Valentieva (Autor)
Formato: Libro
Lenguaje:ruso
Publicado: Moskva : Nauka, 1982
Etiquetas: Agregar Etiqueta
Sin Etiquetas, Sea el primero en etiquetar este registro!

MARC

LEADER 00000nam a22000003a 4500
001 stu93708
005 20150617225613.8
008 050427s1982------------------------rus-d
040 |a STU  |b slo 
041 0 |a rus 
080 |a 502.3 
080 |a 321.74  |7 A000002389 
100 1 |a Leontieva, Antonina Valentieva  |4 aut 
245 1 |a Pravovyje osnovy sotrudničestva socialistišeskich stran ro ochrane okružajuščej stredy 
260 |a Moskva :  |b Nauka,  |c 1982 
300 |a 133 s 
996 |b E50206  |c E*50206  |l EE06  |s P  |a 0  |w stu93708_0001